00545 2200217 4500001002100000005001700021008004100038035002400079082001200103090001900115100002000134245004600154250001100200260003300211300002500244650001000269850001200279980001500291985000600306999001500312YOGYA-0209000005287620090227033107.0 ind  0010-020900000052876 a796.342 a796.342bFor T aFORTRE, Vincent aTenisbmengapa anda kalahcVincent Fortre aCet. 3 aSemarangbDahara Prizec1992 a140 hlmbilusc21 cm aTenis aYOPDYOG a10-12-2007 a1 a97P0102526